000 00605nam a22001337a 4500
040 _cRUA
082 _aLMA VAT 2010 B302 Or.1
100 _aVATH SERAY VATTANAK ; វ៉ាត សិរីវឌ្ឍនៈ
245 _aStudy on national housing political in cambodia , សិក្សាក្របខណ្ឌគោលនយោបាយជាតិស្ដីពីលំនៅឋាននៅកម្ពុជា
260 _aPnhom Penh
_bRUA
_c2010
300 _aix ;59p.
_bill.
_c29cm.
856 _uhttps://drive.google.com/file/d/1AEkTXvMSH5rRFR6npW2I3i88NBgjDv_Y/view?usp=sharing
942 _cLMA
999 _c5515
_d5515